Mundo-consumo : ética del individuo en la aldea global /

Kaydedildi:
Detaylı Bibliyografya
Yazar: Bauman, Zygmunt (autor)
Materyal Türü: Kitap
Dil:İspanyolca
Baskı/Yayın Bilgisi: México : Paidós, 2010, c2010
Seri Bilgileri:(Paidós Contextos ; 175)
Konular:
Etiketler: Etiketle
Etiket eklenmemiş, İlk siz ekleyin!

MARC

LEADER 00000nam^a2200000^a^4500
001 000305841
005 20250521000000.0
009 20260526135623.859
020 |a 978-607-7626-34-3 
037 |a Acervo Xavier Clavigero 
041 |a ESP 
082 |a 149. 97  |b BAU OBR MUN 
100 |a Bauman, Zygmunt  |e (autor) 
245 1 0 |a Mundo-consumo :  |b ética del individuo en la aldea global /  |c Z. Bauman ; tr. por Albino Santos Mosquera. 
264 4 |a México :  |b Paidós,  |c 2010, c2010 
300 |a 385 p. 
336 |a texto  |b txt  |2 rdacontenido 
337 |a sin mediación  |b n  |2 rdamedio 
338 |a volumen  |b nc  |2 rdasoporte 
440 1 |a (Paidós Contextos ;  |v 175) 
500 |a Traducción de: Does Ethics Have a Chance in a World of Consumers? 
545 0 |a Nacido dentro de una familia judía en Poznan, Polonia en 1925, Zygmunt Bauman se formó en sociología y filosofía en la Universidad de Varsovia. Abandonó su país natal en 1968, a causa de la política antisemita del gobierno de su país, residiendo a partir de entonces en diversos lugares, incluido Israel. Inicialmente interesado en el socialismo, las clases sociales y los movimientos laborales, Bauman está desde hace buen tiempo preocupado por el devenir de la sociedad contemporánea. Una sociedad que, afirma, vive lo que ha denominado como modernidad líquida, en la cual las identidades son móviles y la convivencia entre las personas no es un escenario para el diálogo, sino espacios de exclusión, asimilación o supresión mental del otro. 
649 |a XX 
650 |a Etica Social 
650 |a Consumo -  |x Aspectos Eticos -  |x Tema Principal 
650 |a Consumismo 
650 |a Individualismo 
650 |a Problemas Sociales 
650 |a Modernidad Líquida 
650 |a Modernidad y Posmodernidad 
650 |a Sociología 
650 |a Filosofía Política 
650 |a Filosofía del Siglo XX 
650 |a Filosofía Polaca 
910 |a Fondo General 
920 |a Impresos - Libros 
930 |a Colección General 
905 |a 101 
901 |a 0500192054  |b IT1  |c ACC  |i FXC C882  |u 20250521 
902 |a https://opac.biblio.iteso.mx/vufind/Record/000305841